Cuentos de arriba y abajo /
Guardado en:
| Autor Principal: | |
|---|---|
| Otros Autores: | |
| Formato: | Libro |
| Idioma: | Undetermined |
| Publicado: |
Buenos Aires :
Alfaguara,
1995.
|
| Series: | Juvenil
|
| Materias: | |
| Etiquetas: |
Agregar Etiqueta
Sin Etiquetas, Sea el primero en etiquetar este registro!
|
| LEADER | 00979nam a22002175a 4500 | ||
|---|---|---|---|
| 001 | CEM.cems019756 | ||
| 008 | 221017s1995####ag############000#0#und#d | ||
| 005 | 20221017105008.0 | ||
| 245 | 1 | 0 | |a Cuentos de arriba y abajo / |c Márgara Averbach ; ilustrado por Diego Bianchi. |
| 260 | |a Buenos Aires : |b Alfaguara, |c 1995. | ||
| 300 | |a 90 p. | ||
| 490 | 1 | |a Juvenil | |
| 505 | 0 | |a Ujujá y los cuentos -- Cuentos de arriba -- El molinito rojo y el viento -- La toalla despierta -- El vagón perdido -- Cuentos de abajo -- Calfría y las semillas -- El hipopótamo turquesa -- El camino es por abajo -- Un cuento de arribabajo -- Una explicación | |
| 020 | |a 9875733176 | ||
| 100 | 1 | |a Averbach, Márgara. | |
| 700 | 1 | |a Bianchi, Diego; il. | |
| 653 | |a Literatura Infantil | ||
| 653 | |a Cuentos Infantiles | ||
| 653 | |a Literatura Argentina | ||
| 859 | |a CEMS |b BIB. CEMS - Inicial y Primaria |h A868.4 |i Av25 |k IP |p 1220 |t Ej.1 | ||
| 859 | |a CEMS |b BIB. CEMS - Inicial y Primaria |h A868.4 |i Av25 |k IP |p 1287 |t Ej.2 | ||
